|
|
|
|
| LEADER |
00000nam0a2200000 4500 |
| 001 |
279490 |
| 005 |
20231101235220.0 |
| 035 |
|
|
|a (RuTPU)RU\TPU\book\302769
|
| 090 |
|
|
|a 279490
|
| 100 |
|
|
|a 20141219d1984 k y0rusy50 ca
|
| 101 |
0 |
|
|a rus
|
| 102 |
|
|
|a RU
|
| 105 |
|
|
|a y z 100zy
|
| 200 |
1 |
|
|a Нейроноподобные вычислительные структуры и проблемы робототехники
|e региональный научно-технический семинар, г. Таганрог, 1984.
|e тезисы докладов
|f Таганрогский радиотехнический институт (ТРТИ) ; отв. за вып. В. А. Калачев
|
| 210 |
|
|
|a Таганрог
|c Изд-во ТРТИ
|d 1984
|
| 215 |
|
|
|a 89 с.
|
| 606 |
1 |
|
|a Вычислительные системы
|2 stltpush
|3 (RuTPU)RU\TPU\subj\4399
|9 83253
|
| 610 |
1 |
|
|a нейроподобные вычисления
|
| 610 |
1 |
|
|a робототехника
|
| 610 |
1 |
|
|a семинары
|
| 610 |
1 |
|
|a применение
|
| 610 |
1 |
|
|a искусственный интеллект
|
| 610 |
1 |
|
|a автоматизированные системы
|
| 675 |
|
|
|a 681.324(063)
|v 3
|
| 702 |
|
1 |
|a Калачев
|b В. А.
|4 540
|
| 712 |
0 |
2 |
|a Таганрогский радиотехнический институт (ТРТИ)
|c (1952-1993)
|2 stltpush
|3 (RuTPU)RU\TPU\col\12259
|
| 712 |
1 |
2 |
|a Нейроноподобные вычислительные структуры и проблемы робототехники
|c семинар
|e Таганрог
|f 1984
|
| 801 |
|
1 |
|a RU
|b 63413507
|c 20141219
|
| 801 |
|
2 |
|a RU
|b 63413507
|c 20151216
|g RCR
|
| 942 |
|
|
|c BK
|